Wird geladen...

സി.വി. വ്യാഖ്യാനകോശം /

Bibliographische Detailangaben
Weitere Verfasser: Balakrishnan, B. C. (Cheif editor.), Omana Satheesh, P. V. (HerausgeberIn)
Format: Printed Book
Sprache:English
Veröffentlicht: തിരുവനന്തപുരം : സി.വി. രാമന്‍ പിള്ള നാഷണല്‍ ഫൌണ്ടേഷന്‍, 2002.
Ausgabe:1st ed.
Schlagworte:
LEADER 01523nam a22002297a 4500
008 180423b xxu||||| |||| 00| 0 eng d
999 |c 22348  |d 22348 
082 |a 491.103  |b RAM/BAL 
240 |a C.V. Vyakhyana kosam 
245 |a സി.വി. വ്യാഖ്യാനകോശം /  |c എഡിറ്റര്‍ : ബി. സി. ബാലകൃഷ്ണന്‍ 
250 |a 1st ed. 
260 |a തിരുവനന്തപുരം :  |c 2002.  |b സി.വി. രാമന്‍ പിള്ള നാഷണല്‍ ഫൌണ്ടേഷന്‍, 
300 |a 4 v. 
650 |a Dictionary 
650 |a വ്യാഖ്യാനകോശം 
700 |a Balakrishnan, B. C.  |e Cheif editor. 
700 |a Omana Satheesh, P. V.  |e editor. 
942 |2 ddc  |c REF 
952 |0 0  |1 0  |2 ddc  |4 0  |5 1  |6 R_491_103000000000000_RAM_BAL  |7 0  |9 30924  |a MAIN  |b MAIN  |d 2018-04-23  |e Prabhath Book House  |g 700.00  |h Vol. 1  |o R 491.103 RAM/BAL  |p 31388  |r 2018-04-23  |t 1  |w 2018-04-23  |y REF 
952 |0 0  |1 0  |2 ddc  |4 0  |5 1  |6 R_491_103000000000000_RAM_BAL  |7 0  |9 30925  |a MAIN  |b MAIN  |d 2018-04-23  |e Prabhath Book House  |g 800.00  |h Vol. 2  |o R 491.103 RAM/BAL  |p 31389  |r 2018-04-23  |t 1  |w 2018-04-23  |y REF 
952 |0 0  |1 0  |2 ddc  |4 0  |5 1  |6 R_491_103000000000000_RAM_BAL  |7 0  |9 30926  |a MAIN  |b MAIN  |d 2018-04-23  |e Prabhath Book House  |g 1500.00  |h Vol. 3  |o R 491.103 RAM/BAL  |p 31390  |r 2018-04-23  |t 1  |w 2018-04-23  |y REF 
952 |0 0  |1 0  |2 ddc  |4 0  |5 1  |6 R_491_103000000000000_RAM_BAL  |7 0  |9 30928  |a MAIN  |b MAIN  |d 2018-04-23  |e Prabhath Book House  |g 1000.00  |h Vol. 4  |o R 491.103 RAM/BAL  |p 31391  |r 2018-04-23  |t 1  |w 2018-04-23  |y REF